=LDR 00000nam 2200000 4500 =001 INLIS000000000016141 =005 20130612111421 =008 ***********************************Ind** =035 ##$$0010-061300000016141 =041 ##$$a Ind =082 ##$$a 2x7.63 =090 ##$$a 2x7.63, Roh h =100 ##$$a Rohiem, Ahmad Takhrizur =245 ##$$a Hidayah wali, petunjuk amalan dan do'a para waliyallah dan ulama yang selalu ijabah dan makbul, Ahmad Takhrizur Rohiem =260 ##$$a 1992 $b Solo =300 ##$$a 79 hlm., 21 cm =650 ##$$a Do'a waliyallah =850 ##$$a NBPNMAT